000 00562nam a22001697a 4500
005 20251108174642.0
008 250721s2007 xx 000 0 ara d
020 _a9774270894
082 1 4 _a332.35/قاس
100 1 _aقاسم، منى
_eمؤلف
245 1 0 _aدليل الاستثمار في البورصة المصرية و البورصات العربية /
264 1 _aالقاهرة :
_bالدار المصرية اللبنانية،
_c2007.
300 _a303 ص.
650 1 7 _aالاسواق الماليه
942 _2ddc
_cBK
999 _c114543
_d114543